<?xml version="1.0" encoding="UTF-8"?>
<record
    xmlns:xsi="http://www.w3.org/2001/XMLSchema-instance"
    xsi:schemaLocation="http://www.loc.gov/MARC21/slim http://www.loc.gov/standards/marcxml/schema/MARC21slim.xsd"
    xmlns="http://www.loc.gov/MARC21/slim">

  <leader>01037    a2200289   4500</leader>
  <controlfield tag="003">CBULib</controlfield>
  <controlfield tag="005">20240129091739.0</controlfield>
  <controlfield tag="008">240118b        |||||||| |||| 00| 0 eng d</controlfield>
  <datafield tag="040" ind1=" " ind2=" ">
    <subfield code="a">CBULib</subfield>
    <subfield code="b">English</subfield>
    <subfield code="c">CBULib</subfield>
    <subfield code="e">rda</subfield>
  </datafield>
  <datafield tag="041" ind1=" " ind2=" ">
    <subfield code="a">eng</subfield>
  </datafield>
  <datafield tag="050" ind1=" " ind2=" ">
    <subfield code="a">CBU-LIB THESISMUT</subfield>
  </datafield>
  <datafield tag="100" ind1=" " ind2=" ">
    <subfield code="a">Mutono, Lombe</subfield>
    <subfield code="9">2239</subfield>
  </datafield>
  <datafield tag="245" ind1=" " ind2=" ">
    <subfield code="a">Examining the effects of entrepreneurial characteristics and orientation on financial performance: evidence from mine suppliers in Kitwe-Zambia</subfield>
    <subfield code="c">/ by Lombe Mutono</subfield>
  </datafield>
  <datafield tag="260" ind1=" " ind2=" ">
    <subfield code="b">Copperbelt University,</subfield>
    <subfield code="c">2022.</subfield>
    <subfield code="a">Kitwe: </subfield>
  </datafield>
  <datafield tag="300" ind1=" " ind2=" ">
    <subfield code="a">ix, 49 pages : illustrations </subfield>
  </datafield>
  <datafield tag="336" ind1=" " ind2=" ">
    <subfield code="2">rdacontent</subfield>
    <subfield code="a">Text |</subfield>
    <subfield code="b">txt</subfield>
  </datafield>
  <datafield tag="337" ind1=" " ind2=" ">
    <subfield code="2">rdamedia</subfield>
    <subfield code="a">Unmediated |</subfield>
    <subfield code="b">n</subfield>
  </datafield>
  <datafield tag="338" ind1=" " ind2=" ">
    <subfield code="2">rdacarrier</subfield>
    <subfield code="a">Volume</subfield>
    <subfield code="b">nc</subfield>
  </datafield>
  <datafield tag="500" ind1=" " ind2=" ">
    <subfield code="a">includes bibliographical references and appendices</subfield>
  </datafield>
  <datafield tag="650" ind1=" " ind2="0">
    <subfield code="9">422</subfield>
    <subfield code="a">ENTREPRENEURSHIP</subfield>
  </datafield>
  <datafield tag="650" ind1=" " ind2="0">
    <subfield code="9">2240</subfield>
    <subfield code="a">ENTREPRENEURIAL CHARACTERISTICS AND ORIENTATION</subfield>
  </datafield>
  <datafield tag="650" ind1=" " ind2="0">
    <subfield code="9">1719</subfield>
    <subfield code="a">FINANCIAL PERFORMANCE</subfield>
  </datafield>
  <datafield tag="650" ind1=" " ind2="0">
    <subfield code="9">2241</subfield>
    <subfield code="a">MINE</subfield>
  </datafield>
  <datafield tag="650" ind1=" " ind2="0">
    <subfield code="9">2242</subfield>
    <subfield code="a">MINE SUPPLIERS</subfield>
  </datafield>
  <datafield tag="650" ind1=" " ind2="0">
    <subfield code="9">2024</subfield>
    <subfield code="a">KITWE DISTRICT</subfield>
  </datafield>
  <datafield tag="942" ind1=" " ind2=" ">
    <subfield code="2">lcc</subfield>
    <subfield code="c">030</subfield>
  </datafield>
  <datafield tag="999" ind1=" " ind2=" ">
    <subfield code="c">84083</subfield>
    <subfield code="d">84083</subfield>
  </datafield>
  <datafield tag="952" ind1=" " ind2=" ">
    <subfield code="0">0</subfield>
    <subfield code="1">0</subfield>
    <subfield code="2">lcc</subfield>
    <subfield code="4">0</subfield>
    <subfield code="7">0</subfield>
    <subfield code="8">SC</subfield>
    <subfield code="a">001</subfield>
    <subfield code="b">001</subfield>
    <subfield code="c">SC</subfield>
    <subfield code="d">2024-01-18</subfield>
    <subfield code="l">0</subfield>
    <subfield code="o">CBU-PG THESIS/MUT</subfield>
    <subfield code="p">B84083</subfield>
    <subfield code="r">2024-01-18</subfield>
    <subfield code="t">1</subfield>
    <subfield code="w">2024-01-18</subfield>
    <subfield code="y">030</subfield>
  </datafield>
</record>
